BEAUTY and the Beast [
| Format: | Book |
|---|---|
| Published: |
Singapore :
The Walt Disney Company ,
1993
|
| Subjects: |
MARC
| LEADER | 00000cam a2200000 7i4500 | ||
|---|---|---|---|
| 001 | 0000002375 | ||
| 002 | 000002585 | ||
| 005 | 20000330.0 | ||
| 020 | |a T000000256 | ||
| 090 | 0 | 0 | |a JF |b BEA |
| 245 | 0 | 0 | |a BEAUTY and the Beast [ |h soundcassette] |
| 260 | |a Singapore : |b The Walt Disney Company , |c 1993 | ||
| 300 | |a 1 soundcassette |e 1 book | ||
| 650 | 0 | 0 | |a Children's stories |
| 999 | |a 00140 |b KASET |c JUNIOR FICTION |e PERPUSTAKAAN KOMUNITI PETALING JAYA | ||